县级行政区知识问答#25 平江县 Pingjiang Multiple-choice - Statistics

General Stats
  • This quiz has been taken 6 times
  • The average score is 7 of 10
Answer Stats
Question Answer % Correct
平江县隶属于湖南省哪个地级市? 岳阳市
100%
平江县传统名产“平江酱干”的主要原料是? 黄豆
100%
平江县“平江起义”的领导者是? 彭德怀
83%
平江县“连云山漂流”的水源主要来自? 山泉溪流
83%
平江县被称为“辣条之乡”,下列辣条品牌中起源于湖南平江县本土的是? 麻辣王子
83%
平江县“杜甫墓祠”纪念的诗人葬于平江的依据是? 方志与碑刻
67%
平江县“石牛寨国家地质公园”的典型地貌是? 丹霞地貌
50%
平江县方言主要属于哪种类型? 赣语
50%
平江县“花灯戏”的表演形式特点是? 持灯歌舞即兴唱
33%
湖南省平江县境内的最高峰是哪座山? 连云山
17%
No matching quizzes found
Score Distribution
Percent of People with Each Score
Percentile by Number Answered
Your Score History
You have not taken this quiz